00441nam a2200145Ia 4500008004100000041000800041100001100049245001100060260002200071300000900093520002500102999001900127650003000146952011900176230818s1984 xx 000 0 und d aeng aFuller aWaiter bHutchinsonsc1984 a214p aGeneral | Hard Board c854574d854574 aFood and Beverage service 00104070aHMMbHMMd2023-08-18eSterling bookg150.00l0pHMM-B1022r2023-08-18 00:00:00v150.00w2023-08-18yBK